Central Library OPAC University of Rajshahi

The definition of law; (Record no. 3930)

MARC details
000 -LEADER
fixed length control field 00810cam a22002651 4500
001 - CONTROL NUMBER
control field 3930
003 - CONTROL NUMBER IDENTIFIER
rucl marc code BD-RjUL
005 - DATE AND TIME OF LATEST TRANSACTION
control field 20211208233813.0
008 - FIXED-LENGTH DATA ELEMENTS--GENERAL INFORMATION
fixed length control field 131221s1958 enk b 001 0 eng d
035 ## - SYSTEM CONTROL NUMBER
System control number (BD-RjUL)3964
System control number (OCoLC)505151
040 ## - CATALOGING SOURCE
Original cataloging agency DLC
Transcribing agency ODaWU
Modifying agency OCoLC
-- FBoU
-- Uk
-- DLC
-- BD-RjUL
Language of cataloging eng
041 ## - LANGUAGE CODE
Language code of text/sound track or separate title eng
082 ## - DEWEY DECIMAL CLASSIFICATION NUMBER
Classification number 340.1
Author mark and year KAD 1958
100 1# - MAIN ENTRY--PERSONAL NAME
Personal name Kantorowicz, Hermann,
Dates associated with a name 1877-1940.
9 (RLIN) 12526
245 14 - TITLE STATEMENT
Title The definition of law;
Statement of responsibility, etc. edited by A.H. Campbell. With an introduction by A.L. Goodhart.
260 ## - PUBLICATION, DISTRIBUTION, ETC. (IMPRINT)
Place of publication, distribution, etc. Cambridge [Eng.]
Name of publisher, distributor, etc. University Press,
Date of publication, distribution, etc. c1958.
300 ## - PHYSICAL DESCRIPTION
Pagination xxiii, 113 p. :
Size 18 cm.
504 ## - BIBLIOGRAPHY, ETC. NOTE
Bibliography, etc Includes bibliography.
650 #0 - SUBJECT ADDED ENTRY--TOPICAL TERM
Topical term or geographic name as entry element Jurisprudence.
9 (RLIN) 12527
Topical term or geographic name as entry element Law
General subdivision Philosophy.
9 (RLIN) 12528
942 ## - ADDED ENTRY ELEMENTS (KOHA)
Source of classification or shelving scheme Dewey Decimal Classification
Koha item type Books
Holdings
Lost status Source of classification or shelving scheme Damaged status Not for loan Collection code Permanent Location Current Location Shelving location Date acquired Source of acquisition Cost, normal purchase price Total Checkouts Full call number Date last seen Copy number Koha item type
  Dewey Decimal Classification   Not For Loan Non-fiction Central Library, University of Rajshahi Central Library, University of Rajshahi Reading Room 05/09/1967 sweets and Zitlinger 17.60   340.1 KAD 1958 21/12/2013 C-1 Books